Statistics for 世界の海なし国々

Click here to take the quiz!

General Stats

  • This quiz has been taken 434 times
  • The average score is 30 of 45

Answer Stats

面積(㎢)% Correct
2,724,900カザフスタン
93%
1,564,100モンゴル
92%
0.44バチカン市国
85%
488,100トルクメニスタン
84%
41,284スイス
84%
147,181ネパール
82%
83,871オーストリア
81%
647,500アフガニスタン
80%
199,951キルギス
79%
447,400ウズベキスタン
78%
38,394ブータン
78%
61サンマリノ
78%
619,745南スーダン
76%
1,098,581ボリビア
76%
78,867チェコ
76%
30,355レソト
75%
143,100タジキスタン
75%
468アンドラ
74%
49,035スロバキア
74%
160リヒテンシュタイン
73%
1,284,000チャド
72%
93,028ハンガリー
72%
1,240,192マリ
71%
406,752パラグアイ
70%
236,800ラオス
69%
2586ルクセンブルク
69%
1,267,000ニジェール
68%
88,361セルビア
66%
1,104,300エチオピア
63%
29,743アルメニア
63%
207,600ベラルーシ
63%
86,600アゼルバイジャン
63%
10,908コソボ
59%
26,338ルワンダ
57%
241,038ウガンダ
57%
752,612ザンビア
57%
390,757ジンバブエ
55%
274,222ブルキナファソ
53%
33,846モルドバ
50%
27,834ブルンジ
50%
25,713北マケドニア
49%
582,000ボツワナ
49%
622,984中央アフリカ共和国
47%
118,484マラウイ
46%
17,364エスワティーニ
5%

Score Distribution

Percentile by Number Answered

Percent of People with Each Score

Your Score History

You have not taken this quiz